| 000 | 00356nam a22001337a 4500 | ||
|---|---|---|---|
| 020 | _qHB. | ||
| 040 | _cFIZZA ISHAQ | ||
| 082 |
_a331 _bKAR |
||
| 100 |
_aMARX,KARL. _914519 |
||
| 245 |
_aCAPITAL THE COMMUNIST MANIFESTO AND OTHER WRITINGS / _cKARL MARX. |
||
| 260 |
_aNEW YORK; _bMODERN LIBRARY; _c1932. |
||
| 300 |
_a428 P. ; _c7.5X5X1 IN |
||
| 942 |
_2ddc _cBK |
||
| 999 |
_c615391 _d615391 |
||